Knights Across the Atlantic (Record no. 63567)

MARC details
000 -LEADER
fixed length control field 01748nam a2200253Ii 4500
008 - FIXED-LENGTH DATA ELEMENTS--GENERAL INFORMATION
fixed length control field 221202s xx 000 0 und d
100 1# - MAIN ENTRY--PERSONAL NAME
Personal name Parfitt, Steven,
Relator term author
245 #0 - TITLE STATEMENT
Title Knights Across the Atlantic
246 ## - VARYING FORM OF TITLE
Title proper/short title Intimidation, Coercion, and Communities During the Irish Revolution
264 #1 - PRODUCTION, PUBLICATION, DISTRIBUTION, MANUFACTURE, AND COPYRIGHT NOTICE
Place of production, publication, distribution, manufacture Liverpool
Name of producer, publisher, distributor, manufacturer Liverpool University Press
Date of production, publication, distribution, manufacture, or copyright notice 2017
300 ## - PHYSICAL DESCRIPTION
Extent 1 online resource
336 ## - CONTENT TYPE
Content type term text
Content type code txt
Source rdacontent
337 ## - MEDIA TYPE
Media type term computer
Media type code c
Source rdamedia
338 ## - CARRIER TYPE
Carrier type term online resource
Carrier type code cr
Source rdacarrier
490 ## - SERIES STATEMENT
Series statement Studies in Labour History
520 ## - SUMMARY, ETC.
Summary, etc. Knights Across the Atlantic tells for the first time the full story of the Knights of Labor in Britain and Ireland, where they operated between 1883 and the end of the century. British and Irish Knights drew on the resources of their vast Order to establish a chain of branches through England, Wales, Scotland and Ireland that numbered more than 10,000 members at its peak. British and Irish Knights left a profound imprint on subsequent British labour history. They helped inspire the British “New Unionists” of the 1890s and influenced the movement for working-class politics, independent of Liberals and Conservatives alike, that soon led to the British Labour Party. Knights Across the Atlantic provides new insights into relationships between class and gender, and places the Knights of Labor squarely at the heart of British and Irish as well as American history at the end of the nineteenth century.
653 ## - INDEX TERM--UNCONTROLLED
Uncontrolled term History
653 ## - INDEX TERM--UNCONTROLLED
Uncontrolled term Knights Of Labor
653 ## - INDEX TERM--UNCONTROLLED
Uncontrolled term Labor
653 ## - INDEX TERM--UNCONTROLLED
Uncontrolled term Labour
653 ## - INDEX TERM--UNCONTROLLED
Uncontrolled term Smethwick
856 ## - ELECTRONIC LOCATION AND ACCESS
Uniform Resource Identifier <a href="https://library.oapen.org/bitstream/20.500.12657/45677/4/626396.pdfhttp://library.oapen.org/handle/20.500.12657/31624">https://library.oapen.org/bitstream/20.500.12657/45677/4/626396.pdfhttp://library.oapen.org/handle/20.500.12657/31624</a>
942 ## - ADDED ENTRY ELEMENTS (KOHA)
Koha item type E-Book
Holdings
Withdrawn status Damaged status Not for loan Home library Current library Date acquired Total Checkouts Date last seen Price effective from Koha item type
      Directory of Open Access Books Directory of Open Access Books 11/28/2022   11/28/2022 11/28/2022 E-Book

University of Rizal System
Email us at univlibservices@urs.edu.ph

Visit our Website www.urs.edu.ph/library